000
00249nam a22001097a 4500
082
_a
380/CHA
100
_a
Chandra,M.
_9
81535
245
_a
Transforming India
260
_a
Delhi
_b
Bharat Pustak Bhandar
_c
2019
650
_a
Commars
_9
81536
942
_c
BK
999
_c
65597
_d
65597